| 000 | 00000nam##2200000za#4500 |
| 001 | 9.571953 |
| 003 | CaOODSP |
| 005 | 20210624182959 |
| 007 | cr ||||||||||| |
| 008 | 150406|1998||||xxc|||||o f|0| 0 eng|d |
| 040 | |aCaOODSP|beng |
| 043 | |an-cn--- |
| 086 | 1 |aC21-27/2-1998-3E-PDF |
| 110 | 1 |aCanada. |bIndustry Canada. |
| 245 | 14|aThe implications of technological change for human resource policy / |h[electronic resource]|cby Julian R. Betts. |
| 260 | |aOttawa - Ontario : |bIndustry Canada |cNovember 1998. |
| 300 | |a75p.|bgraphs |
| 490 | 1 |aCanada in the 21st century. II, Resources and technology|vNo. 7 |
| 500 | |aThe catalogue number (C21-27/2-1998-3) for the bilingual print edition has been incorrectly copied in this electronic publication. |
| 504 | |aBibliography. |
| 590 | |a11-24-Supp|b2011-10-24 |
| 690 | 07|aLabour market|2gcpds |
| 690 | 07|aTechnological innovation|2gcpds |
| 690 | 07|aTraining|2gcpds |
| 720 | 1 |aBetts, Julian R. |
| 775 | 08|tLes conséquences du changement technologique pour les politiques de main-d'oeuvre / |w(CaOODSP)9.602373 |
| 776 | 0#|tLes conséquences du changement technologique pour les politiques de main-d'oeuvre / |w(CaOODSP)9.532851 |
| 776 | 0#|tThe implications of technological change for human resources policy / |w(CaOODSP)9.532850 |
| 830 | #0|aCanada in the 21st century. II, Resources and technology ;|vNo. 7|w(CaOODSP)9.506523 |
| 856 | 40|ahttp://publications.gc.ca|qPDF|s188 KB|uhttps://publications.gc.ca/collections/Collection/C21-27-2-1998-3E.pdf|yNo. 7 |